Educacion superior y proyecto de vida (Registro nro. 165600)

Detalles MARC
001 - NÚMERO DE CONTROL
campo de control 632776
005 - FECHA Y HORA DE LA ÚLTIMA TRANSACCIÓN
campo de control 20260130100429.0
008 - DATOS DE LONGITUD FIJA--INFORMACIÓN GENERAL
campo de control de longitud fija 001027s2000 spa
035 ## - NÚMERO DE CONTROL DEL SISTEMA
Número de control de sistema 632776
035 ## - NÚMERO DE CONTROL DEL SISTEMA
Número de control de sistema (OCoLC)819853027
040 ## - FUENTE DE LA CATALOGACIÓN
Centro/agencia transcriptor comduadb
041 ## - CÓDIGO DE LENGUA
Código de lengua del texto/banda sonora o título independiente spa
100 10 - ENTRADA PRINCIPAL--NOMBRE DE PERSONA
Nombre de persona Martinez Ruiz, Yaneth
Código de función aut
Término indicativo de función/relación Autor/a
9 (RLIN) 333903
245 10 - MENCIÓN DE TÍTULO
Título Educacion superior y proyecto de vida
650 #7 - PUNTO DE ACCESO ADICIONAL DE MATERIA--TÉRMINO DE MATERIA
Término de materia o nombre geográfico como elemento de entrada Educación superior
Subdivisión geográfica Colombia
Fuente del encabezamiento o término lemb
9 (RLIN) 42273
650 #7 - PUNTO DE ACCESO ADICIONAL DE MATERIA--TÉRMINO DE MATERIA
Término de materia o nombre geográfico como elemento de entrada Formación profesional
Subdivisión geográfica Colombia
Fuente del encabezamiento o término lemb
9 (RLIN) 2862
650 ## - PUNTO DE ACCESO ADICIONAL DE MATERIA--TÉRMINO DE MATERIA
Término de materia o nombre geográfico como elemento de entrada Proyectos de vida
9 (RLIN) 175721
773 0# - ENLACE AL DOCUMENTO FUENTE/ENTRADA DE REGISTRO ANFITRIÓN
Título Perspectiva Social (Barranquilla)
Parte(s) relacionada(s) Vol. 03, No. 04, Ago. 2000, p. 10-11
Número de control del registro 630560
Número Internacional Normalizado para Publicaciones Seriadas 0124-0153
Número bibliográfico anfitrión 159463
942 ## - ELEMENTOS DE ENTRADA AGREGADA (KOHA)
Tipo de ítem Koha Artículo de Revista

No hay ítems disponibles.